000 00932nam a2200313Ia 4500
003 OSt
005 20220912151128.0
006 a|||||r|||| 00| 0
007 ta
008 220909b |||||||| |||| 00| 0 eng d
020 _a0906522250 (pbk)
024 _a12887
037 _b1442, 11/10/2004, Pt. Book International
037 _cTextbook
040 _aCSL
_beng
_cCSL
041 _aeng
082 _aU284, P4 TU
100 _aLabohm Hans
245 0 _aMan-made global warming: unravelling a dogma
260 _aUK
_bMulti-Science Publishing Co. Ltd.
_c2004
300 _aviii,192p.
_ccm.
500 _aIncludes bibliography
650 _a Global warming
650 _aGeology
700 _a Rozendaal Simon
700 _a Thoenes Dick
942 _hU284, P4 TU
_cTB
_2CC
999 _c61953
_d61953